000 00340nam a2200145Ia 4500
005 20251222152705.0
008 251222s9999||||xx |||||||||||||| ||spa||
020 _a9786124114120
082 _a869.56/C557
100 _aChirinos, Eduardo
245 0 _aNueva Miscelánea Antártica
250 _a1ra.ed.
264 _bUCSS
942 _cLIB
999 _c28984
_d28984